000 00541nam a22002177a 4500
003 UA-OsUOA
001 59129
007 ta
008 20090311b un ||||| |||| 00| 0 ukr d
100 _aРомашова Н.
090 _a32
_bР69
942 _cSA
040 _aUA-OsUOA
_bukr
_cUA-OsUOA
_dUA-OsUOA
245 _aЩо відбувається з українським парламентаризмом?
300 _aС.4-5
955 _a0
041 _aukr
080 _a32
773 0 _w59128
650 7 _a32 Політика
_2UDC
999 _c345219
_d345219